000 00364nam a22001457a 4500
003 macl
005 20180421163245.0
008 180421b xxu||||| |||| 00| 0 eng d
040 _cmacl
100 _aRajiv Singh
_972258
245 _aWonders of the Solar System
260 _aNew Dehi
_bVishaabharti Pub.
_c2014
650 _aSolar System
_972259
942 _2ddc
_cBK
999 _c57881
_d57881